[Event "Stuttgarter Stadtmeisterschaft B"]
[Site "Ditzingen"]
[Date "2015.05.16"]
[Round "5.48"]
[White "Jünk, Stefan"]
[Black "Trobonjaca, Milos"]
[Result "0-1"]
[WhiteElo "1460"]
[BlackElo "1633"]
[PlyCount "50"]
[EventDate "2015.??.??"]
[WhiteTeam "SC Leinzell"]
[BlackTeam "SF Oeffingen"]

1. e4 b6 2. d4 e6 3. Bd3 Bb7 4. Nf3 g6 5. h4 h5 6. Bf4 d6 7. e5 d5 8. Rg1 Nc6
9. c3 Qd7 10. Qc2 O-O-O 11. Nbd2 Kb8 12. O-O-O Bh6 13. Be3 Bxe3 14. fxe3 Nh6
15. Ng5 Rdf8 16. Rgf1 Nf5 17. Rf3 Nxh4 18. Rh3 Nf5 19. Rdh1 Qe7 20. e4 Nfxd4
21. cxd4 Qxg5 22. exd5 Nb4 23. Qb3 Nxd3+ 24. Rxd3 Bxd5 25. Qa3 Qxg2 0-1

[Event "Stuttgarter Stadtmeisterschaft B"]
[Site "Ditzingen"]
[Date "2015.05.16"]
[Round "5.49"]
[White "Awiszus, Thomas"]
[Black "Jüttner, Maik"]
[Result "1/2-1/2"]
[WhiteElo "1619"]
[BlackElo "1483"]
[PlyCount "26"]
[EventDate "2015.??.??"]
[WhiteTeam "SK Schmiden/Cannstatt"]
[BlackTeam "SpVgg Rommelshausen"]

1. d4 d5 2. Nf3 e6 3. g3 Nf6 4. Bg2 c5 5. Bf4 Nc6 6. Nc3 Qb6 7. Na4 Qb4+ 8. c3
Qa5 9. Bd2 Bd7 10. c4 Nb4 11. a3 Qxa4 12. axb4 Qxd1+ 13. Rxd1 cxb4 1/2-1/2

[Event "Stuttgarter Stadtmeisterschaft B"]
[Site "Ditzingen"]
[Date "2015.05.16"]
[Round "5.50"]
[White "Dallinger, Moritz"]
[Black "Jüttner, Mark"]
[Result "1-0"]
[WhiteElo "1570"]
[BlackElo "1472"]
[PlyCount "63"]
[EventDate "2015.??.??"]
[WhiteTeam "SV Stuttgart-Wolfbusch"]
[BlackTeam "SpVgg Rommelshausen"]

1. e4 e5 2. Nf3 Nc6 3. Bb5 Bb4 4. O-O Nd4 5. Nxd4 exd4 6. Qh5 Qe7 7. d3 Nf6 8.
Qg5 O-O 9. Nd2 c6 10. Bc4 d5 11. Bb3 Bd6 12. f4 h6 13. Qh4 dxe4 14. dxe4 Bc5
15. Kh1 Qc7 16. e5 Ng4 17. Ne4 Be7 18. Qg3 Bf5 19. Nf2 Nxf2+ 20. Qxf2 Rad8 21.
Bd2 c5 22. c3 Qc6 23. Rae1 Bh3 24. f5 Bh4 25. Qe2 Bxe1 26. Rxe1 d3 27. Qf2 Bg4
28. Qf4 Be2 29. Qg3 Rde8 30. f6 g6 31. Qxg6+ Kh8 32. Qg7# 1-0

[Event "Stuttgarter Stadtmeisterschaft B"]
[Site "Ditzingen"]
[Date "2015.05.16"]
[Round "5.51"]
[White "Stegmiller, Dennis"]
[Black "Khamenya, Vitalia"]
[Result "1/2-1/2"]
[WhiteElo "1349"]
[BlackElo "1570"]
[PlyCount "32"]
[EventDate "2015.??.??"]
[WhiteTeam "TSF Ditzingen"]
[BlackTeam "SK Gräfelfing"]

1. d4 Nf6 2. c4 g6 3. g3 Bg7 4. Bg2 O-O 5. Nf3 d6 6. O-O Nc6 7. Nc3 e5 8. e3
Re8 9. Re1 Nd7 10. d5 Ne7 11. Nd2 f5 12. f4 e4 13. Nb3 Nb6 14. Bf1 Bd7 15. Nd4
a6 16. Rb1 Qc8 1/2-1/2

[Event "Stuttgarter Stadtmeisterschaft B"]
[Site "Ditzingen"]
[Date "2015.05.16"]
[Round "5.52"]
[White "Schmölzing, Matthias"]
[Black "Funk, Christian"]
[Result "1-0"]
[WhiteElo "1568"]
[BlackElo "1450"]
[PlyCount "65"]
[EventDate "2015.??.??"]
[WhiteTeam "SV Würzburg"]
[BlackTeam "Ssg Fils-Lauter e. V."]

1. e4 e5 2. Nf3 Nc6 3. Bc4 Bc5 4. O-O d6 5. c3 Bg4 6. d4 Bb6 7. b4 exd4 8. Qb3
Bh5 9. Bb2 Nf6 10. Nxd4 Nxd4 11. cxd4 O-O 12. Nd2 Bg6 13. Rae1 c6 14. e5 dxe5
15. dxe5 Nh5 16. Nf3 Qc7 17. a4 a6 18. Nh4 Nf4 19. Nxg6 Nxg6 20. Kh1 Nf4 21. a5
Ba7 22. Qg3 Ne6 23. f4 Nd4 24. f5 Kh8 25. Re4 Rad8 26. Rh4 Rd7 27. Qh3 h6 28.
Bc1 f6 29. e6 Re7 30. Bf4 Qc8 31. Bxh6 Nxf5 32. Bxg7+ Kxg7 33. Qg4# 1-0

[Event "Stuttgarter Stadtmeisterschaft B"]
[Site "Ditzingen"]
[Date "2015.05.16"]
[Round "5.53"]
[White "Ustaosman, Hasan"]
[Black "Blum, Michael"]
[Result "0-1"]
[WhiteElo "1145"]
[BlackElo "1562"]
[PlyCount "68"]
[EventDate "2015.??.??"]
[WhiteTeam "TSG Steinheim"]
[BlackTeam "SC Aidlingen"]

1. d4 Nf6 2. c4 g6 3. Nc3 d5 4. Bg5 Bg7 5. e3 O-O 6. Bd3 c6 7. f4 Be6 8. b3
Nbd7 9. Nge2 Ng4 10. Qd2 f6 11. Bh4 Nh6 12. O-O Nf5 13. Bf2 Qa5 14. a3 Qc7 15.
Rac1 Nd6 16. cxd5 Bf7 17. e4 Qa5 18. a4 cxd5 19. Bg3 Nxe4 20. Qe3 Nxg3 21. Qxg3
f5 22. Kh1 Qb6 23. Bb5 Nf6 24. Nd1 a6 25. Bd3 Qxb3 26. Ra1 Rab8 27. Nc1 Qb6 28.
Ne3 Ne4 29. Qe1 Bxd4 30. Nc2 Bxa1 31. Nxa1 Qd4 32. Bxe4 dxe4 33. Ne2 Qxa4 34.
Nc2 Qxc2 0-1

[Event "Stuttgarter Stadtmeisterschaft B"]
[Site "Ditzingen"]
[Date "2015.05.16"]
[Round "5.54"]
[White "Conrady, Philipp"]
[Black "Kalwei, Reinhard"]
[Result "1-0"]
[WhiteElo "1366"]
[BlackElo "1510"]
[PlyCount "51"]
[EventDate "2015.??.??"]
[WhiteTeam "SV Würzburg"]
[BlackTeam "SC Aidlingen"]

1. d4 d5 2. c4 c6 3. Nc3 e6 4. Nf3 Nf6 5. cxd5 cxd5 6. Bg5 Be7 7. e3 O-O 8. Bd3
Nbd7 9. Qc2 h6 10. Bf4 Nh5 11. Bg3 Nxg3 12. fxg3 Nf6 13. O-O Bd6 14. Nd2 Re8
15. Qb3 a6 16. a4 Rb8 17. Rac1 Bd7 18. Rf3 Bc6 19. e4 dxe4 20. Ndxe4 Nxe4 21.
Bxe4 Be7 22. d5 exd5 23. Bxd5 Bxd5 24. Nxd5 Bc5+ 25. Rxc5 Re1+ 26. Rf1 1-0

[Event "Stuttgarter Stadtmeisterschaft B"]
[Site "Ditzingen"]
[Date "2015.05.16"]
[Round "5.55"]
[White "Hoch, Jannik"]
[Black "Hirtreiter, Norbert"]
[Result "1/2-1/2"]
[WhiteElo "1325"]
[BlackElo "1531"]
[PlyCount "83"]
[EventDate "2015.??.??"]
[WhiteTeam "SV Dettingen Erms"]
[BlackTeam "SK München Südost"]

1. e4 e5 2. Nf3 Nc6 3. d4 Nf6 4. Bg5 Be7 5. Bxf6 Bxf6 6. d5 Nd4 7. Nxd4 exd4 8.
f4 d6 9. Nd2 Bd7 10. Nf3 Qe7 11. Qd3 a6 12. Nxd4 Bb5 13. c4 Bd7 14. Be2 O-O 15.
Rb1 Rfe8 16. Bf3 c6 17. O-O c5 18. Nc2 g6 19. Kh1 b5 20. b3 Qd8 21. g4 h6 22.
h3 Bh4 23. Bg2 b4 24. Qf3 Kg7 25. g5 h5 26. Ne3 Rf8 27. Kh2 f6 28. gxf6+ Bxf6
29. Rg1 Ra7 30. Kh1 Bg5 31. f5 Bxe3 32. Qxe3 Be8 33. Bf3 Qh4 34. Rg2 Qxh3+ 35.
Kg1 Qh4 36. Rbb2 Rf6 37. Rh2 Qg3+ 38. Rbg2 Qe5 39. Rxh5 Kf8 40. Qh6+ Rg7 41.
Qh8+ Rg8 42. Qh6+ 1/2-1/2

[Event "Stuttgarter Stadtmeisterschaft B"]
[Site "Ditzingen"]
[Date "2015.05.16"]
[Round "5.56"]
[White "Grünert, Thomas"]
[Black "Steinhart, Matthias"]
[Result "0-1"]
[WhiteElo "1826"]
[BlackElo "1768"]
[PlyCount "52"]
[EventDate "2015.??.??"]
[WhiteTeam "SF Illingen"]
[BlackTeam "SF Freiberg"]

1. d4 d5 2. Nf3 Nc6 3. c4 Bg4 4. Nc3 e6 5. cxd5 exd5 6. Qb3 Bxf3 7. exf3 Nxd4
8. Qa4+ Nc6 9. Ba6 Qe7+ 10. Be3 Qb4 11. Bb5 Qxa4 12. Bxa4 Bb4 13. Bd4 f6 14. a3
Bxc3+ 15. Bxc3 Kf7 16. O-O-O Nce7 17. Bb3 c6 18. Rhe1 Ng6 19. Rd4 Nh6 20. g4
Rhe8 21. Rxd5 cxd5 22. Bxd5+ Kf8 23. Bb4+ Ne7 24. Bxb7 Rab8 25. Ba6 Rxb4 26.
axb4 Nd5 0-1

[Event "Stuttgarter Stadtmeisterschaft B"]
[Site "Ditzingen"]
[Date "2015.05.16"]
[Round "5.57"]
[White "Pibernik, Dario"]
[Black "Helmich, Jörg"]
[Result "1/2-1/2"]
[WhiteElo "1525"]
[BlackElo "1704"]
[PlyCount "140"]
[EventDate "2015.??.??"]
[WhiteTeam "SV Schorndorf"]
[BlackTeam "Regensb. Turnerschaft"]

1. e4 e6 2. d4 d5 3. Nd2 Nf6 4. e5 Nfd7 5. Nb3 c5 6. f4 Nc6 7. Nf3 cxd4 8.
Nbxd4 Bc5 9. c3 Qb6 10. Nc2 Bf2+ 11. Ke2 Bc5 12. b4 Be7 13. Be3 Qc7 14. a4 f6
15. exf6 Nxf6 16. Ncd4 Nxd4+ 17. Qxd4 O-O 18. Rc1 Ne4 19. Ng5 Bf6 20. Qd3 Nxg5
21. fxg5 Be5 22. h4 Bf4 23. Rh3 Bxe3 24. Rxe3 Qf4 25. Kd2 Bd7 26. g3 Qf2+ 27.
Be2 Qf5 28. Qd4 Bxa4 29. b5 Bb3 30. Rf3 Qe4 31. Rxf8+ Rxf8 32. Qxa7 Bc4 33. Re1
Bb3 34. Rc1 Bc4 35. Qe3 Bxe2 36. Qxe2 Qf5 37. Re1 Qf2 38. Qxf2 Rxf2+ 39. Ke3
Rb2 40. Kd4 Rxb5 41. Rxe6 Kf7 42. Rd6 Rb1 43. Rxd5 Ke6 44. Re5+ Kd6 45. Rf5 Rg1
46. Rf7 Rxg3 47. Rxb7 Rg4+ 48. Kd3 Rxh4 49. Rxg7 Rg4 50. Rxh7 Rxg5 51. Rh4 Rg3+
52. Kd4 Rg1 53. Rh6+ Kc7 54. c4 Rg4+ 55. Kc5 Rg5+ 56. Kb4 Rg8 57. Kb5 Rb8+ 58.
Kc5 Rg8 59. Rh7+ Kc8 60. Kc6 Rg6+ 61. Kb5 Rg5+ 62. c5 Rg1 63. Kb6 Rb1+ 64. Kc6
Kd8 65. Rh8+ Ke7 66. Kc7 Rg1 67. c6 Rb1 68. Kc8 Rc1 69. Rh7+ Ke8 70. Rb7 Rxc6+
1/2-1/2

[Event "Stuttgarter Stadtmeisterschaft B"]
[Site "Ditzingen"]
[Date "2015.05.16"]
[Round "6.2"]
[White "Rühl, Volker"]
[Black "Jäger, Hans-Ulrich"]
[Result "0-1"]
[WhiteElo "1830"]
[BlackElo "1838"]
[PlyCount "112"]
[EventDate "2015.??.??"]
[WhiteTeam "VfL Sindelfingen"]
[BlackTeam "SC Sillenbuch"]

1. Nf3 Nf6 2. d4 e6 3. e3 b6 4. Nbd2 Bb7 5. Bd3 d5 6. Ne5 Nbd7 7. f4 c5 8. c3
a6 9. O-O Ne4 10. Qc2 Ndf6 11. Qa4+ Nd7 12. Qxd7+ Qxd7 13. Nxd7 Kxd7 14. Nxe4
dxe4 15. Bc2 g6 16. Bd2 Rc8 17. Rac1 Rc7 18. Be1 Bg7 19. Bg3 f5 20. Rfd1 cxd4
21. cxd4 Rhc8 22. Ba4+ Bc6 23. Bxc6+ Rxc6 24. Rxc6 Rxc6 25. Be1 Bf8 26. Kf2 a5
27. a3 a4 28. Rd2 Kd6 29. Ke2 Be7 30. Kd1 Kd5 31. Rc2 Rc4 32. Rxc4 Kxc4 33. Kc2
b5 34. Bf2 Bf6 35. Be1 h6 36. Bf2 Be7 37. Be1 g5 38. g3 Bd8 39. Bf2 Ba5 40.
fxg5 hxg5 41. h4 gxh4 42. gxh4 Bd8 43. h5 Bg5 44. Bg1 Bh6 45. Kd2 Kb3 46. Kc1
Kc4 47. Kd2 Kb3 48. Kc1 f4 49. Bh2 fxe3 50. Bg3 Kc4 51. Kc2 Kxd4 52. Be1 e2 53.
Bd2 e3 54. Bc3+ Ke4 55. Be1 Bg7 56. Bb4 Kf3 0-1

[Event "Stuttgarter Stadtmeisterschaft B"]
[Site "Ditzingen"]
[Date "2015.05.16"]
[Round "6.3"]
[White "Jantos, Stefan"]
[Black "Kaufhold, Stephan"]
[Result "1-0"]
[WhiteElo "1825"]
[BlackElo "1768"]
[PlyCount "47"]
[EventDate "2015.??.??"]
[WhiteTeam "SF Oeffingen"]
[BlackTeam "SV Leonberg 1978 eV"]

1. e4 g6 2. d4 Bg7 3. Nf3 d6 4. Bc4 Nf6 5. Nc3 O-O 6. O-O Nbd7 7. e5 dxe5 8.
dxe5 Ng4 9. e6 Nde5 10. Nxe5 Nxe5 11. exf7+ Nxf7 12. Qe2 c6 13. Bg5 Bf6 14. Ne4
Kg7 15. Rad1 Qa5 16. Bxf6+ exf6 17. Bxf7 Rxf7 18. Nd6 Qxa2 19. b3 Qa5 20. Nxf7
Kxf7 21. Rfe1 Kg7 22. Qe7+ Kh6 23. Qxf6 Bf5 24. Qh4+ 1-0

[Event "Stuttgarter Stadtmeisterschaft B"]
[Site "Ditzingen"]
[Date "2015.05.16"]
[Round "6.4"]
[White "Jenner, Erik"]
[Black "Florin, Jon"]
[Result "1-0"]
[WhiteElo "1760"]
[BlackElo "1858"]
[PlyCount "77"]
[EventDate "2015.??.??"]
[WhiteTeam "SV Schorndorf"]

1. d4 Nf6 2. c4 c5 3. d5 e6 4. Nc3 exd5 5. cxd5 d6 6. Nf3 Bg4 7. h3 Bxf3 8.
gxf3 g6 9. e4 Bg7 10. Bg5 O-O 11. Qd2 Nbd7 12. Bg2 a6 13. a4 Rb8 14. O-O b5 15.
axb5 axb5 16. Ra6 Rb6 17. Rfa1 Rxa6 18. Rxa6 Qb8 19. Bf4 Ne5 20. Bxe5 dxe5 21.
Bf1 b4 22. Na4 Nd7 23. b3 f5 24. Nb2 Qd8 25. Nc4 fxe4 26. fxe4 Rf3 27. Qa2 Qg5+
28. Bg2 Bh6 29. Ra8+ Nf8 30. Ne3 Rxh3 31. Qd2 Rh4 32. d6 Rg4 33. Qd5+ Kh8 34.
Nxg4 Qc1+ 35. Bf1 Qg5 36. Qd1 Kg7 37. d7 Ne6 38. d8=Q Nxd8 39. Rxd8 1-0

[Event "Stuttgarter Stadtmeisterschaft B"]
[Site "Ditzingen"]
[Date "2015.05.16"]
[Round "6.5"]
[White "Dreyer, Andre"]
[Black "Fais, Sami"]
[Result "1/2-1/2"]
[WhiteElo "1891"]
[BlackElo "1817"]
[PlyCount "31"]
[EventDate "2015.??.??"]
[WhiteTeam "SV Stockenhausen-Frommern"]
[BlackTeam "VfL Sindelfingen"]

1. d4 d5 2. c4 c6 3. Nc3 Nf6 4. cxd5 cxd5 5. Bf4 Qb6 6. Qd2 Nc6 7. e3 Bf5 8.
Bb5 e6 9. Nge2 Ne4 10. Nxe4 Bxe4 11. Bxc6+ bxc6 12. O-O Bb4 13. Nc3 O-O 14. a3
Bxc3 15. Qxc3 Rfc8 16. Rfc1 1/2-1/2

[Event "Stuttgarter Stadtmeisterschaft B"]
[Site "Ditzingen"]
[Date "2015.05.16"]
[Round "6.6"]
[White "Baars, Mario"]
[Black "Meusel, Rolf"]
[Result "1/2-1/2"]
[WhiteElo "1771"]
[BlackElo "1884"]
[PlyCount "141"]
[EventDate "2015.??.??"]
[WhiteTeam "SG Schwäbisch Gmünd 1872 e.V"]
[BlackTeam "SK Handschuhsheim"]

1. e4 c6 2. d4 d5 3. e5 Bf5 4. Nf3 e6 5. Be2 h6 6. O-O Ne7 7. Be3 Nd7 8. c4
dxc4 9. Bxc4 Nb6 10. Bd3 Bxd3 11. Qxd3 Nf5 12. Nc3 Be7 13. Rfd1 Nd5 14. Rac1
O-O 15. Qe2 Nxc3 16. bxc3 Qa5 17. Rc2 Rfd8 18. Nd2 Rd7 19. Nb3 Qa4 20. g4 Nxe3
21. Qxe3 c5 22. Rcd2 Rad8 23. h3 cxd4 24. cxd4 b6 25. f4 Qb4 26. Rd3 a5 27. Nc1
Rc7 28. Ne2 Rdc8 29. Kh2 Rc2 30. Kg3 Qb2 31. Kf3 Qxa2 32. R1d2 Qd5+ 33. Kg3
Rxd2 34. Rxd2 Bb4 35. Rd1 Rc2 36. f5 a4 37. fxe6 fxe6 38. Nf4 Qb3 39. Rd3 Rc3
40. d5 exd5 41. e6 Rxd3 42. Nxd3 Be7 43. Qf3 Bf6 44. h4 Qa3 45. g5 Qd6+ 46. Kg2
Qxe6 47. gxf6 Qe4 48. fxg7 Kxg7 49. Kg3 Qxf3+ 50. Kxf3 a3 51. Nb4 Kg6 52. Kg4
d4 53. h5+ Kf6 54. Kf4 d3 55. Ke3 Kg5 56. Kxd3 Kxh5 57. Kc3 Kg4 58. Nd5 b5 59.
Kb3 b4 60. Nxb4 h5 61. Nd3 Kg3 62. Nc5 h4 63. Ne4+ Kf4 64. Nf2 Kf3 65. Nh3 Kg3
66. Ng1 Kg2 67. Ne2 Kf2 68. Nf4 Kf3 69. Nh3 Kg3 70. Ng5 Kg4 71. Ne4 1/2-1/2

[Event "Stuttgarter Stadtmeisterschaft B"]
[Site "Ditzingen"]
[Date "2015.05.16"]
[Round "6.7"]
[White "Lüdke, Joshua"]
[Black "Hahn, Martin"]
[Result "1-0"]
[WhiteElo "1823"]
[BlackElo "1809"]
[PlyCount "65"]
[EventDate "2015.??.??"]
[WhiteTeam "SV Marbach"]
[BlackTeam "SF Oeffingen e.V."]

1. e4 d5 2. exd5 Qxd5 3. Nc3 Qd8 4. Nf3 Nf6 5. Bc4 c6 6. d4 Bf5 7. Qe2 e6 8.
Bg5 Be7 9. O-O-O O-O 10. Nh4 Qa5 11. Nxf5 Qxf5 12. h4 Nbd7 13. Kb1 Rfe8 14. f3
Qa5 15. Bd2 Qc7 16. g4 Nf8 17. h5 b5 18. Bd3 Nd5 19. Nxd5 exd5 20. Qf2 Bd6 21.
f4 Re7 22. f5 Nd7 23. g5 Rae8 24. f6 Re6 25. Qf5 Nf8 26. fxg7 Kxg7 27. Rhg1 b4
28. Rg2 a5 29. Rdg1 Bf4 30. Bxf4 Qxf4 31. Qxf4 Re1+ 32. Rxe1 Rxe1+ 33. Qc1 1-0

[Event "Stuttgarter Stadtmeisterschaft B"]
[Site "Ditzingen"]
[Date "2015.05.16"]
[Round "6.8"]
[White "Tönjes, Jürgen"]
[Black "Bälz, Jürgen"]
[Result "1/2-1/2"]
[WhiteElo "1838"]
[BlackElo "1802"]
[PlyCount "46"]
[EventDate "2015.??.??"]
[WhiteTeam "SF Lilienthal"]
[BlackTeam "TSV Willsbach"]

1. d4 Nf6 2. f3 d5 3. e4 e6 4. Nc3 b6 5. Bb5+ c6 6. Bd3 dxe4 7. Bxe4 Bb4 8. Qd3
Nxe4 9. Qxe4 Qe7 10. Bf4 Bxc3+ 11. bxc3 Bb7 12. Ne2 c5 13. Qe3 Nc6 14. O-O cxd4
15. cxd4 Nb4 16. Rfc1 Nd5 17. Qd2 Ba6 18. c4 Nxf4 19. Qxf4 O-O 20. Qe3 Rac8 21.
Qb3 Qd7 22. Rc2 Rc7 23. Rac1 Re8 1/2-1/2

[Event "Stuttgarter Stadtmeisterschaft B"]
[Site "Ditzingen"]
[Date "2015.05.16"]
[Round "6.9"]
[White "Reichardt, Bernd"]
[Black "Kleih, Julian"]
[Result "0-1"]
[WhiteElo "1750"]
[BlackElo "1823"]
[PlyCount "116"]
[EventDate "2015.??.??"]
[WhiteTeam "SF Markgräflerland"]
[BlackTeam "SV Dettingen Erms"]

1. Nf3 Nf6 2. d4 e6 3. Bf4 c5 4. e3 Nc6 5. c3 d5 6. Nbd2 Bd6 7. Bxd6 Qxd6 8.
dxc5 Qxc5 9. Nb3 Qb6 10. Qc1 Bd7 11. Nbd4 Rc8 12. Nxc6 Bxc6 13. Be2 O-O 14. O-O
Ne4 15. Bd3 Nd6 16. Qc2 h6 17. Ne5 Rfd8 18. h4 Bb5 19. Bxb5 Qxb5 20. a4 Qb6 21.
Rfc1 Nf5 22. Nf3 a5 23. Qe2 Nd6 24. g4 Nc4 25. Rc2 e5 26. h5 Qe6 27. Nh4 Nd6
28. f3 Rc4 29. b3 Rc6 30. Rd1 Qf6 31. Ng2 e4 32. fxe4 Nxe4 33. c4 Nc3 34. Rxc3
Qxc3 35. Rd3 Qe5 36. Nf4 d4 37. Nd5 Re8 38. Qf3 dxe3 39. Rxe3 Qa1+ 40. Kg2 Rxe3
41. Qxe3 Re6 42. Qd2 Qb1 43. Nc3 Qe1 44. Qxe1 Rxe1 45. Kf2 Rh1 46. Nb5 Rh2+ 47.
Kg3 Rd2 48. Kf4 Rd3 49. Ke4 Rxb3 50. Kd5 Rb4 51. Nc3 Kf8 52. Kc5 b6+ 53. Kd4
Ke8 54. Nd5 Rb1 55. c5 Rd1+ 56. Kc4 Rc1+ 57. Kb3 bxc5 58. Nb6 Rb1+ 0-1

[Event "Stuttgarter Stadtmeisterschaft B"]
[Site "Ditzingen"]
[Date "2015.05.16"]
[Round "6.10"]
[White "Götze, Peter"]
[Black "Sax, Leon"]
[Result "1-0"]
[WhiteElo "1862"]
[BlackElo "1509"]
[PlyCount "65"]
[EventDate "2015.??.??"]
[WhiteTeam "SV Besigheim"]
[BlackTeam "SK Sachsenheim"]

1. Nc3 Nf6 2. e4 e5 3. f4 d6 4. Nf3 Nc6 5. Bb5 Bg4 6. h3 Bxf3 7. Qxf3 Nd7 8.
Bxc6 bxc6 9. O-O Be7 10. d3 O-O 11. Ne2 c5 12. Ng3 exf4 13. Bxf4 Bg5 14. Nf5
Bxf4 15. Qxf4 Kh8 16. b3 Qf6 17. Qd2 Ne5 18. Rae1 Qe6 19. Re2 Rae8 20. Ref2 c6
21. a4 d5 22. Ng3 f6 23. Qa5 Qe7 24. Nf5 Qd7 25. Qxc5 dxe4 26. dxe4 Rd8 27. Kh1
Qc7 28. Qc3 Rfe8 29. Rd2 Rxd2 30. Qxd2 Nf7 31. Re1 Ng5 32. Qb4 Qf4 33. Qb7 1-0

[Event "Stuttgarter Stadtmeisterschaft B"]
[Site "Ditzingen"]
[Date "2015.05.16"]
[Round "6.11"]
[White "Götzfried, Alexander"]
[Black "Hartmann, Christian"]
[Result "0-1"]
[WhiteElo "1893"]
[BlackElo "1744"]
[PlyCount "53"]
[EventDate "2015.??.??"]
[WhiteTeam "Stuttgarter SF 1879"]
[BlackTeam "SC Tarrasch München"]

1. d4 d5 2. c4 c6 3. Nc3 dxc4 4. e4 b5 5. Nf3 Nf6 6. e5 Nd5 7. Ne4 e6 8. g3 Bb7
9. Bg2 Qc7 10. O-O h6 11. Bd2 Nd7 12. a4 a5 13. b3 c3 14. Bxc3 Nxc3 15. Nxc3 b4
16. Ne4 c5 17. Nfd2 Bxe4 18. Bxe4 Rd8 19. Rc1 Be7 20. Qg4 O-O 21. Bd3 Nxe5 22.
dxe5 Rxd3 23. Nc4 Rxb3 24. f4 Rd8 25. f5 Rd4 26. Rf4 Rxf4 27. Qxf4 0-1

[Event "Stuttgarter Stadtmeisterschaft B"]
[Site "Ditzingen"]
[Date "2015.05.16"]
[Round "6.12"]
[White "Paschmann, Stefan"]
[Black "Kusch, Jacek"]
[Result "1/2-1/2"]
[WhiteElo "1881"]
[BlackElo "1720"]
[PlyCount "50"]
[EventDate "2015.??.??"]
[WhiteTeam "Krefelder Schachklub Turm 1851 e"]
[BlackTeam "SV Urach"]

1. d4 e6 2. Nf3 Nf6 3. Bg5 Be7 4. e3 h6 5. Bh4 d6 6. Nbd2 Nbd7 7. Bd3 b6 8. c3
Bb7 9. Qe2 Nh5 10. Bxe7 Qxe7 11. O-O-O Nhf6 12. e4 e5 13. Rhe1 O-O 14. h3 c5
15. d5 a6 16. g4 Ne8 17. g5 h5 18. g6 fxg6 19. Rg1 Rf6 20. Rg2 Nf8 21. Rdg1 b5
22. Ng5 Bc8 23. Ndf3 Nc7 24. Nh4 Ra7 25. Rg3 Rf4 1/2-1/2

[Event "Stuttgarter Stadtmeisterschaft B"]
[Site "Ditzingen"]
[Date "2015.05.16"]
[Round "6.13"]
[White "Fuss, Thomas"]
[Black "Mayer, Dietmar"]
[Result "1/2-1/2"]
[WhiteElo "1857"]
[BlackElo "1730"]
[PlyCount "40"]
[EventDate "2015.??.??"]
[WhiteTeam "SV Rottweil"]
[BlackTeam "SC Böblingen"]

1. d4 Nf6 2. c4 e5 3. dxe5 Ng4 4. Nf3 Bc5 5. e3 Nc6 6. Be2 O-O 7. O-O Re8 8. b3
Ngxe5 9. Nxe5 Nxe5 10. Bb2 a5 11. Nd2 Ra6 12. Bxe5 Rxe5 13. Bg4 Rh6 14. Nf3 Re8
15. Qd5 d6 16. Bxc8 Qxc8 17. Rad1 Ree6 18. Qf5 Qe8 19. Rd5 Ref6 20. Qg4 Qe6
1/2-1/2

[Event "Stuttgarter Stadtmeisterschaft B"]
[Site "Ditzingen"]
[Date "2015.05.16"]
[Round "6.14"]
[White "Ellinger, Harald"]
[Black "Tölg, Wolfgang"]
[Result "0-1"]
[WhiteElo "1854"]
[BlackElo "1720"]
[PlyCount "80"]
[EventDate "2015.??.??"]
[WhiteTeam "SK Gerlingen"]
[BlackTeam "SF Oeffingen"]

1. Nf3 d5 2. d4 f5 3. c4 e6 4. cxd5 exd5 5. a3 c6 6. Nc3 Nf6 7. Bg5 h6 8. Bxf6
Qxf6 9. g3 Bd6 10. Bg2 O-O 11. O-O f4 12. e4 dxe4 13. Nxe4 Qd8 14. Qb3+ Kh8 15.
Nxd6 Qxd6 16. Rae1 Nd7 17. Ne5 Nxe5 18. dxe5 Qe7 19. Qc3 Be6 20. Rd1 Rad8 21.
Rd4 fxg3 22. hxg3 c5 23. Rxd8 Rxd8 24. f4 Bf5 25. Bf3 Rd3 26. Qe1 Qd7 27. Kg2
Bh3+ 28. Kh2 Bxf1 29. Qxf1 Rd2+ 30. Bg2 Rxb2 31. Kg1 Qd4+ 32. Kh2 Qe4 33. Kh3
Qf5+ 34. g4 Rb3+ 35. Bf3 Qxf4 36. Kg2 Rb2+ 37. Be2 Qxg4+ 38. Kh1 Qe4+ 39. Kg1
Rxe2 40. Qf8+ Kh7 0-1

[Event "Stuttgarter Stadtmeisterschaft B"]
[Site "Ditzingen"]
[Date "2015.05.16"]
[Round "6.15"]
[White "Richter, Nils"]
[Black "Behm, Wilfried"]
[Result "1/2-1/2"]
[WhiteElo "1735"]
[BlackElo "1844"]
[PlyCount "73"]
[EventDate "2015.??.??"]
[WhiteTeam "TSV/RSK Esslingen"]
[BlackTeam "SV Stuttgart-Wolfbusch"]

1. e4 e6 2. d4 d5 3. Nc3 Nf6 4. e5 Nfd7 5. f4 c5 6. Nf3 Nc6 7. Be3 Be7 8. Be2
a6 9. O-O c4 10. a4 Nf8 11. Qe1 Bd7 12. f5 Nb4 13. fxe6 Bxe6 14. Qd2 h6 15. Kh1
g5 16. Ne1 h5 17. Nf3 Nh7 18. Nd1 g4 19. Ng5 Nxg5 20. Bxg5 Bxg5 21. Qxb4 Qd7
22. Qc3 h4 23. g3 hxg3 24. Qxg3 Rh3 25. Qg2 O-O-O 26. Ra3 Rdh8 27. Rxh3 Rxh3
28. Kg1 Bh4 29. Nf2 Bxf2+ 30. Rxf2 Kc7 31. a5 Rh5 32. Qg3 Kc6 33. Qa3 Kc7 34.
Rg2 Rg5 35. Qc5+ Kb8 36. Qf8+ Ka7 37. Qc5+ 1/2-1/2

[Event "Stuttgarter Stadtmeisterschaft B"]
[Site "Ditzingen"]
[Date "2015.05.16"]
[Round "6.16"]
[White "Gorb, Eugeniusz"]
[Black "Aubel, Stefan"]
[Result "1-0"]
[WhiteElo "1725"]
[BlackElo "1831"]
[PlyCount "83"]
[EventDate "2015.??.??"]
[WhiteTeam "SK Sachsenheim"]
[BlackTeam "SV Oberstenfeld"]

1. e4 c5 2. Nf3 Nc6 3. d4 cxd4 4. Nxd4 Nf6 5. Nc3 e6 6. Bg5 d6 7. Be2 Be7 8.
O-O a6 9. Nxc6 bxc6 10. Bf3 e5 11. Qe2 O-O 12. Rfd1 Ne8 13. Bxe7 Qxe7 14. Rd2
Bb7 15. Rad1 Rd8 16. Qe3 Nc7 17. Qb6 Ne6 18. Ne2 Nc5 19. Ng3 g6 20. h4 Ba8 21.
b3 Rb8 22. Qa5 Rb5 23. Qc3 Rd8 24. h5 a5 25. h6 Ne6 26. Be2 Rc5 27. Qe3 Nd4 28.
Bc4 Kf8 29. c3 Ne6 30. a4 Bb7 31. Nf1 Bc8 32. Nh2 Qg5 33. Rxd6 Qxe3 34. Rxd8+
Nxd8 35. fxe3 Ke7 36. Nf1 Nb7 37. Nd2 Nd6 38. Rc1 Nxc4 39. Nxc4 f5 40. Nd2 fxe4
41. c4 Bf5 42. g4 1-0

[Event "Stuttgarter Stadtmeisterschaft B"]
[Site "Ditzingen"]
[Date "2015.05.16"]
[Round "6.17"]
[White "Goda, Frederic"]
[Black "Grünert, Thomas"]
[Result "1-0"]
[WhiteElo "1705"]
[BlackElo "1826"]
[PlyCount "95"]
[EventDate "2015.??.??"]
[WhiteTeam "SC Weiße Dame Ulm"]
[BlackTeam "SF Illingen"]

1. d4 d5 2. Bf4 Nf6 3. e3 e6 4. Bd3 c5 5. c3 Nc6 6. Nf3 Bd7 7. Nbd2 Be7 8. Ne5
cxd4 9. exd4 Rc8 10. Qf3 h6 11. O-O g5 12. Be3 Bd6 13. Nxc6 Bxc6 14. Qe2 h5 15.
f4 Ng4 16. fxg5 Bxh2+ 17. Kh1 Qd6 18. g6 f5 19. Bxf5 Rc7 20. Bg5 Bg3 21. Nf3
Kd7 22. g7 Rg8 23. Bxg4 Rxg7 24. Ne5+ Kc8 25. Qf3 Rxg5 26. Qf8+ Qd8 27. Bxe6+
Bd7 28. Qxd8+ Kxd8 29. Nf7+ Ke7 30. Nxg5 Bxe6 31. Nxe6 Kxe6 32. Rf3 Rg7 33.
Raf1 Rg4 34. Rf6+ Kd7 35. Rf7+ Kc6 36. a4 Rh4+ 37. Kg1 Re4 38. R1f6+ Bd6 39.
Kf2 a6 40. Rh6 Re8 41. Rff6 Rd8 42. Rxh5 b5 43. axb5+ axb5 44. Rhh6 Rd7 45.
Rxd6+ Rxd6 46. Rxd6+ Kxd6 47. Ke3 Ke6 48. Kf4 1-0

[Event "Stuttgarter Stadtmeisterschaft B"]
[Site "Ditzingen"]
[Date "2015.05.16"]
[Round "6.18"]
[White "Fuchs, Egbert"]
[Black "Muench, Werner"]
[Result "1/2-1/2"]
[WhiteElo "1681"]
[BlackElo "1804"]
[PlyCount "112"]
[EventDate "2015.??.??"]
[WhiteTeam "SVG Vaihingen/Enz"]
[BlackTeam "SC Widdern"]

1. d4 d5 2. Nf3 Nf6 3. c4 c6 4. g3 e6 5. Bg2 Nbd7 6. O-O Be7 7. a4 O-O 8. Qc2
dxc4 9. Nbd2 c5 10. Nxc4 cxd4 11. Nxd4 Nb6 12. Nxb6 Qxb6 13. Nb5 Bd7 14. Be3
Qa5 15. Bxb7 Rab8 16. Bg2 Rfc8 17. Qd3 Bxb5 18. axb5 Qxb5 19. Qxb5 Rxb5 20.
Rxa7 Kf8 21. Bd4 Ne8 22. Rfa1 Bf6 23. Bxf6 Nxf6 24. Ra8 Rxa8 25. Rxa8+ Ke7 26.
Ra7+ Kf8 27. Ra8+ Ke7 28. Ra7+ Kf8 29. Rb7 Rxb7 30. Bxb7 Ke7 31. f3 Kd6 32. Kf2
Kc5 33. Ke3 Kc4 34. Kd2 Kb3 35. Kc1 Ne8 36. Be4 h6 37. Kb1 Nd6 38. Bc2+ Kb4 39.
Ka2 Nc4 40. Bh7 Ne3 41. Bg8 f6 42. Bxe6 Nf1 43. Kb1 Nxh2 44. Bh3 h5 45. Kc2 Kc4
46. b3+ Kb4 47. Bg2 g5 48. e4 h4 49. gxh4 gxh4 50. f4 Ng4 51. Bh3 Nf2 52. e5
fxe5 53. fxe5 Ne4 54. Bf5 Nc5 55. Kd2 Kxb3 56. Ke3 Kc3 1/2-1/2